000 00929nam a22002537a 4500
001 104234
003 UA-OsUOA
005 20220501195806.0
007 ta
008 20131209b un ||||| |||| 00| 0 ukr d
020 _a966-599-044-6
040 _aUA-OsUOA
_bukr
_cUA-OsUOA
_dUA-OsUOA
041 _aukr
080 _a82.09(410.1)
090 _a82.09(410.1)
_bТ60
100 _aТоркут Н. М.
245 _aПроблеми генези і структурування жанрової системи англійської прози пізнього ренесансу (малі епічні форми та "література факту")
260 _aЗапоріжжя
_c2000
300 _a406 с.
650 7 _a82.09 Літературна критика. Літературні дослідження
_2UDC
942 _cBK
_2udc
955 _a2
999 _c390652
_d390652